The master plan of evangelism with study guide (Record no. 17229)

000 -LEADER
fixed length control field 00536nam a2200181 a 4500
001 - CONTROL NUMBER
control field :::00021008$&:&@@
003 - CONTROL NUMBER IDENTIFIER
control field OkBaRHE
005 - DATE AND TIME OF LATEST TRANSACTION
control field 20060523140729.0
008 - FIXED-LENGTH DATA ELEMENTS--GENERAL INFORMATION
fixed length control field s1993 j 000 0 eng u
040 ## - CATALOGING SOURCE
Transcribing agency
100 1# - MAIN ENTRY--PERSONAL NAME
Personal name Coleman Robert E..
245 14 - TITLE STATEMENT
Title The master plan of evangelism with study guide
250 ## - EDITION STATEMENT
Edition statement 30th Anv
260 ## - PUBLICATION, DISTRIBUTION, ETC. (IMPRINT)
Place of publication, distribution, etc Grand Rapids, Michigan
Name of publisher, distributor, etc F H. Revell
Date of publication, distribution, etc 1993
300 ## - PHYSICAL DESCRIPTION
Extent 200 p.
942 ## - ADDED ENTRY ELEMENTS (KOHA)
Source of classification or shelving scheme
Koha item type Books
Copies
Koha item type Full call number Copy number Withdrawn status Date last seen Date acquired Permanent Location Barcode Shelving location Lost status Not for loan Source of classification or shelving scheme Damaged status Price effective from
BooksBV 3790 .C61 2010-04-142010-04-14RHEMA Bible Training College21008General Stacks    2010-04-14